Les régions ultrapériphériques et Territoires d'outre-mer de l'UE - Statistiques

Statistiques générales
  • Ce quiz a été pris 48 fois
  • Le résultat moyen est 18 sur 22
Statistiques - réponses
Letter Réponse % Correct
G Guadeloupe
98%
M Martinique
98%
N Nouvelle-Calédonie
95%
R Réunion
93%
G Guyane
90%
M Mayotte
90%
W Wallis-et-Futuna
90%
G Groenland
88%
P Polynésie française
88%
S Saint-Martin
88%
S Saint-Martin
88%
A Aruba
85%
C Canaries
85%
S Saint-Barthélémy
85%
S Saint-Pierre-et-Miquelon
85%
A Açores
83%
C Curaçao
83%
M Madère
80%
B Bonaire
66%
S Saba
41%
S Saint-Eustache
39%
T Terres Australes et Antarctiques Françaises
32%
Aucun quiz correspondant
Distribution des résultats
% des personnes avec chaque résultat
Percentile par nombre de réponses
Votre historique - résultats
Vous n’avez pas pris ce quiz